FA Cup Winners - Sudden Death - Statistics

General Stats
  • This quiz has been taken 135 times
    26 since last reset
  • The average score is 18 of 45
Answers on the Grid
Answers color-coded by a green-red scale on the quiz's grid according to % correct below.
Liverpool
Northwich Victoria
Worcester City
Leeds United
Birmingham City
Accrington Stanley
Darwen
Blackburn Rovers
Wimbledon
Sheffield Wednesday
Oxford United
Bootle
Wigan Athletic
Milton Keynes Dons
Old Carthusians
Bristol Rovers
Peterborough United
Salford City
Walsall
Tranmere Rovers
Old Varndeanians
Manchester City
Blackburn Olympic
Worthing
Swansea City
Luton Town
Brighton & Hove Albion
Cheltenham Town
Reigate Priory
Bury
Crystal Palace
West Bromwich Albion
Clapham Rovers
Queens Park
Halifax Town
Cambridge United
Port Vale
Bath City
AFC Bournemouth
Sheffield
Portsmouth
Barnsley
Queens Park Rangers
Middlesbrough
Coventry City
Morecambe
Bolton Wanderers
Crawley Town
Reading
Barrow
Huddersfield Town
Brentford
Charlton Athletic
Derby County
Wrexham
Sheffield United
Chelsea
Southampton
Grimsby Town
York City
Aston Villa
Newcastle United
Tonbridge Angels
Wycombe Wanderers
Burton Albion
Northampton Town
Exeter City
Ipswich Town
Rotherham United
Millwall
Harrogate Town
Stoke City
Chesterfield
Ely City
Nottingham Forest
West Ham United
Blackpool
Cardiff City
Leyton Orient
Metropolitan Police
Royal Engineers
Leicester City
Wanderers
Rochdale
Oxford University
Hull City
Manchester United
Chesterfield
Preston North End
Norwich City
Mansfield Town
Crewe Alexandra
Gillingham
Lincoln City
Marine
Shrewsbury Town
Doncaster Rovers
Watford
Burnley
Colchester United
Stevenage
Everton
Bradford City
Radcliffe
Old Etonians
Bristol City
Newport County
Arsenal
Wolverhampton Wanderers
Notts County
Fulham
Sunderland
Tottenham Hotspur
Romford
St Ives Town
 
Answer Stats
Answer % Correct
Liverpool
91%
Leeds United
82%
Blackburn Rovers
64%
Crystal Palace
64%
Manchester City
64%
Wigan Athletic
64%
Portsmouth
55%
Sheffield United
55%
Sheffield Wednesday
55%
Wimbledon
55%
Aston Villa
45%
Blackburn Olympic
45%
Blackpool
45%
Bolton Wanderers
45%
Cardiff City
45%
Charlton Athletic
45%
Everton
45%
Huddersfield Town
45%
Ipswich Town
45%
Manchester United
45%
Newcastle United
45%
Nottingham Forest
45%
West Bromwich Albion
45%
West Ham United
45%
Chelsea
36%
Leicester City
36%
Royal Engineers
36%
Sunderland
36%
Wanderers
36%
Arsenal
27%
Burnley
27%
Coventry City
27%
Derby County
27%
Notts County
27%
Old Etonians
27%
Oxford University
27%
Preston North End
27%
Southampton
27%
Tottenham Hotspur
27%
Wolverhampton Wanderers
27%
Bradford City
18%
Clapham Rovers
18%
Old Carthusians
18%
Barnsley
9%
Bury
9%
No matching quizzes found
Score Distribution
Percent of People with Each Score
Percentile by Number Answered
Your Score History
You have not taken this quiz since the last reset